000 00758nam a2200241Ia 4500
003 BUBTL
008 151213s9999 xx 000 0 und d
020 _a9848430873
041 _aবাংলা
082 _a341/ K5271i/ 2006
100 _aখান, আনসার আলী
_95295
245 _aআন্তর্জাতিক আইন/
_cআনসার আলী খান।
250 _a১ম সং
260 _aঢাকা
_bকামরুল বুক হাউস।
_cc2006
300 _a[xix], 472p. :
_b24 cm.
526 _aLaw
650 _aLaw
650 _a
700 _aআনসার আলী খান।
_95296
856 _k0
_l0
_yDownload
942 _2ddc
_cBK
999 _c2528
_d2528